Devasthana : (ระเบียนเลขที่ 69196)
| 000 -LEADER | |
|---|---|
| fixed length control field | 00742nam a22001937a 4500 |
| 005 - DATE AND TIME OF LATEST TRANSACTION | |
| control field | 20210325211555.0 |
| 008 - FIXED-LENGTH DATA ELEMENTS--GENERAL INFORMATION | |
| fixed length control field | s2013 eng d |
| 020 ## - INTERNATIONAL STANDARD BOOK NUMBER | |
| International Standard Book Number | 9789748259666 |
| 040 ## - CATALOGING SOURCE | |
| Original cataloging agency | NALT |
| 041 ## - LANGUAGE CODE | |
| Language code of text/sound track or separate title | eng |
| 050 ## - LIBRARY OF CONGRESS CALL NUMBER | |
| Classification number | NA 6022.B3 |
| Item number | D48 2013 |
| 245 00 - TITLE STATEMENT | |
| Title | Devasthana : |
| Remainder of title | cultural heritage of the kingdom of Thailand : a special publication to commemorate the renovation project of the Devasthana of the capital city |
| 260 ## - PUBLICATION, DISTRIBUTION, ETC. | |
| Place of publication, distribution, etc. | Bangkok : |
| Name of publisher, distributor, etc. | The Crown Property Bureau, |
| Date of publication, distribution, etc. | 2013. |
| 300 ## - PHYSICAL DESCRIPTION | |
| Extent | 95 p. : |
| Other physical details | ill. ; |
| Dimensions | 22x25 cm. |
| 650 #0 - SUBJECT ADDED ENTRY--TOPICAL TERM | |
| Topical term or geographic name entry element | Church architecture |
| 9 (RLIN) | 44483 |
| Geographic subdivision | Thailand |
| General subdivision | Conservation and restoration |
| 850 ## - HOLDING INSTITUTION | |
| Holding institution | NALT |
| 942 ## - ADDED ENTRY ELEMENTS (KOHA) | |
| Koha item type | General Book |
| Source of classification or shelving scheme | Library of Congress Classification |
| Withdrawn status | Lost status | Source of classification or shelving scheme | Damaged status | Not for loan | Collection code | Home library | Current library | Source of acquisition | Total Checkouts | Full call number | Barcode | Date last seen | Price effective from | Koha item type | Shelving location | Date acquired |
|---|---|---|---|---|---|---|---|---|---|---|---|---|---|---|---|---|
| Library of Congress Classification | General Book collection | National Assembly Library of Thailand | National Assembly Library of Thailand | บริจาค | NA 6022.B3 D48 2013 | 3961192925 | 09/06/2017 | 09/06/2017 | General Book | |||||||
| Library of Congress Classification | Senate | National Assembly Library of Thailand | National Assembly Library of Thailand | NA 6022.B3 D48 2013 | 0100007806001 | 29/09/2022 | 23/12/2021 | General Book | General Book shelves | 23/12/2021 |
